LEADER 01637nas 2200541 a 450 001 996216315303316 005 20231101153759.0 011 $a1029-2446 035 $a(OCoLC)49728189 035 $a(CKB)954925587311 035 $a(CONSER) 2007233413 035 $a(DE-599)ZDB2043266-5 035 $a(EXLCZ)99954925587311 100 $a20020506a19959999 sy a 101 0 $aeng 135 $aurmnu||||| 200 10$aBiocatalysis and biotransformation$b[electronic resource] 210 $a[London] $cTaylor & Francis Ltd.$d1995- 300 $aRefereed/Peer-reviewed 311 $a1024-2422 517 $aBiocatalysis & Biotransformation 531 $aBIOCATAL. BIOTRANSFORMATION 531 $aBIOCATAL BIOTRANSFORM 531 $aBIOCATAL BIOTRANSFOR 531 $aBIOCATAL B 531 $aBIOCATALYSIS BIOTRANSFORMATION 531 $aBIOCATAL BIOTRANSFORMATION 531 $aBIOCATAL. BIOTRANSFORM 606 $aEnzymes$xBiotechnology$vPeriodicals 606 $aEnzymes$xIndustrial applications$vPeriodicals 606 $aBiotransformation (Metabolism)$vPeriodicals 606 $aCatalysis 606 $aEnzymes 606 $aBiotechnology 606 $aBiotransformation 608 $aPeriodical. 615 0$aEnzymes$xBiotechnology 615 0$aEnzymes$xIndustrial applications 615 0$aBiotransformation (Metabolism) 615 2$aCatalysis. 615 2$aEnzymes. 615 2$aBiotechnology. 615 2$aBiotransformation. 676 $a660.634 906 $aJOURNAL 912 $a996216315303316 996 $aBiocatalysis and biotransformation$92353961 997 $aUNISA LEADER 01334nam0 22003131i 450 001 UON00228822 005 20231205103451.15 100 $a20030730d1972 |0itac50 ba 101 $aita 102 $aIT 105 $a|||| ||||| 200 1 $aˆLa ‰ cellula$emetabolismo e regolazione$fGeorges Cohen 205 $aMilano : Mondadori$b1972 210 $a302 p.$cill. ; 21 cm 215 $aTit. orig.: Le metabolisme cellulaire et sa regulation, 1971 410 1$1001UON00038280$12001 $aBiblioteca della Est$1210 $aMilano$cMondadori. 500 1$3UON00371312$aˆLe ‰ metabolisme cellulaire et sa regulation, 1971$931019 606 $aCELLULA$xMetabolismo$3UONC049758$2FI 606 $aBIOLOGIA$3UONC049759$2FI 620 $aIT$dMilano$3UONL000005 676 $a574.8761$cBiologia tissulare, cellulare, molecolare. Nutrizione, metabolismo, sviluppo$v20 700 1$aCOHEN$bGeorges$3UONV138730$094891 712 $aMondadori$3UONV245964$4650 801 $aIT$bSOL$c20240220$gRICA 899 $aSIBA - SISTEMA BIBLIOTECARIO DI ATENEO$2UONSI 912 $aUON00228822 950 $aSIBA - SISTEMA BIBLIOTECARIO DI ATENEO$dSI FS 00276 $eSI SF 421 5 996 $aMetabolisme cellulaire et sa regulation, 1971$931019 997 $aUNIOR